| 000 | 00876nam a2200217 i 4500 | ||
|---|---|---|---|
| 001 | 189997 | ||
| 003 | ES-MaACL | ||
| 005 | 20250902070127.0 | ||
| 008 | 200304s1975 sp |||| | spa d | ||
| 080 | _a347.72.034(46)(043.2) | ||
| 100 | 1 |
_aBergos Tejero, Juan-Jorge. _9169823 |
|
| 245 | 1 | 0 |
_aTransmisión hereditaria de la empresa mercantil individual / _cpor Juan-Jorge Bergós Tejero. |
| 260 |
_aBarcelona : _b[Universidad, Facultad de Derecho], _c1975. |
||
| 300 |
_a14 p. ; _c24 cm. |
||
| 502 | _aTesis-Univ. Barcelona (Extracto) | ||
| 594 | _aPrecede al tít.: Universidad de Barcelona. Secretariado de Publicaciones, Intercambio Científico y Extensión Universitaria. | ||
| 650 | 7 |
_aEmpresas- _xTransmisión- _zEspaña _2 _9169824 |
|
| 710 | 2 |
_aUniversidad de Barcelona. _bFacultad de Derecho. _97147 |
|
| 852 | 4 |
_aES-MaACL _jP-1414-17 |
|
| 999 |
_c189997 _d189997 |
||